Reflections Anthology of Essays (Record no. 3721)

MARC details
000 -LEADER
fixed length control field 00405nam a22001697a 4500
003 - CONTROL NUMBER IDENTIFIER
control field OSt
005 - DATE AND TIME OF LATEST TRANSACTION
control field 20250327170509.0
008 - FIXED-LENGTH DATA ELEMENTS--GENERAL INFORMATION
fixed length control field 250311b |||||||| |||| 00| 0 eng d
020 ## - INTERNATIONAL STANDARD BOOK NUMBER
International Standard Book Number 9788182904316
082 ## - DEWEY DECIMAL CLASSIFICATION NUMBER
Classification number 808.849
Item number SINR
100 ## - MAIN ENTRY--PERSONAL NAME
Personal name Singh, Karan
245 ## - TITLE STATEMENT
Title Reflections Anthology of Essays
260 ## - PUBLICATION, DISTRIBUTION, ETC.
Place of publication, distribution, etc. Gurugram
Name of publisher, distributor, etc. Subhi publications
300 ## - PHYSICAL DESCRIPTION
Extent 263p.
546 ## - LANGUAGE NOTE
Language note English
942 ## - ADDED ENTRY ELEMENTS (KOHA)
Source of classification or shelving scheme Dewey Decimal Classification
Koha item type Book
Holdings
Withdrawn status Lost status Source of classification or shelving scheme Damaged status Not for loan Home library Current library Date acquired Source of acquisition Cost, normal purchase price Inventory number Full call number Barcode Date last seen Price effective from Koha item type
    Dewey Decimal Classification     RIC Library RIC Library 03/11/2025 Subhi Publications 795.00 199/21.02.2025 808.849 SINR 003007 03/11/2025 03/11/2025 Book

Venue

Rajasthan International Centre
Sansthan Path,JLN Marg, Jaipur- 302017
Phone: +91-7230904025